000 nam a22 7a 4500
999 _c95268
_d95267
005 20180606184516.0
008 180606b ||||| |||| 00| 0 eng d
080 _a54(048.1)(05)
_bCHE.69/3
110 _aThe American Chemical Society
245 _aChemical Abstracts
250 _aVol.69
260 _aOhio
_bAmerican Chemical Society
_c1968
653 _aChemistry-Journal
942 _cBV